Eastern Utah Libraries Catalog: Duchesne, Heber, Roosevelt, & Vernal

Cool buds to the rescue! / (Record no. 404292)

MARC details
000 -LEADER
fixed length control field 02443cam a2200601 i 4500
001 - CONTROL NUMBER
control field on1432781995
003 - CONTROL NUMBER IDENTIFIER
control field OCoLC
005 - DATE AND TIME OF LATEST TRANSACTION
control field 20250210141748.0
008 - FIXED-LENGTH DATA ELEMENTS--GENERAL INFORMATION
fixed length control field 240508t20252025nyua b 6 000 1 eng d
010 ## - LIBRARY OF CONGRESS CONTROL NUMBER
LC control number 2024932956
020 ## - INTERNATIONAL STANDARD BOOK NUMBER
International Standard Book Number 9780063389052
Qualifying information (paperback)
020 ## - INTERNATIONAL STANDARD BOOK NUMBER
International Standard Book Number 0063389053
Qualifying information (paperback)
020 ## - INTERNATIONAL STANDARD BOOK NUMBER
International Standard Book Number 9780063389069
Qualifying information (hardcover)
020 ## - INTERNATIONAL STANDARD BOOK NUMBER
International Standard Book Number 0063389061
Qualifying information (hardcover)
035 ## - SYSTEM CONTROL NUMBER
System control number (OCoLC)1432781995
Canceled/invalid control number (OCoLC)1432782407
040 ## - CATALOGING SOURCE
Original cataloging agency YDX
Language of cataloging eng
Description conventions rda
Transcribing agency YDX
Modifying agency BDX
-- OCLCO
-- IG#
-- CHILD
-- JBI
-- JAS
-- SDG
082 04 - DEWEY DECIMAL CLASSIFICATION NUMBER
Classification number 741.5973
Edition number 23
092 ## - LOCALLY ASSIGNED DEWEY CALL NUMBER (OCLC)
Classification number children graphic
Item number Lehman
100 1# - MAIN ENTRY--PERSONAL NAME
Personal name Lehman, Barbara,
Relator term author,
-- illustrator.
9 (RLIN) 34035
245 10 - TITLE STATEMENT
Title Cool buds to the rescue! /
Statement of responsibility, etc by Barbara Lehman.
246 30 - VARYING FORM OF TITLE
Title proper/short title To the rescue!
250 ## - EDITION STATEMENT
Edition statement First edition.
264 #1 - Production, Publication, Distribution, Manufacture, and Copyright Notice.
Place of production, publication, distribution, manufacture New York, NY :
Name of producer, publisher, distributor, manufacturer Clarion Books, Harper Alley, imprints of HarperCollins Publishers,
Date of production, publication, distribution, manufacture, or copyr [2025]
264 #4 - Production, Publication, Distribution, Manufacture, and Copyright Notice.
Date of production, publication, distribution, manufacture, or copyr ©2025
300 ## - PHYSICAL DESCRIPTION
Extent 31 pages :
Other physical details color illustrations ;
Dimensions 24 cm.
336 ## - Content Type
Content type term text
336 ## - Content Type
Content type term still image
337 ## - Media type
Media type term unmediated
338 ## - Carrier type
Carrier type term volume
490 0# - SERIES STATEMENT
Series statement Cool buds
490 1# - SERIES STATEMENT
Series statement I can read! comics. Level 3
520 ## - SUMMARY, ETC.
Summary, etc "Here is a tale about three best friends living in the Arctic: Blue, Puff, and Sealy. When Puff rescues a stranded sailor, Tip, the friends must decide if there is room for Tip to stay and be one of the Cool Buds. Can they team up and find a way?"--
526 8# - STUDY PROGRAM INFORMATION NOTE
Program name Guided Reading
Reading level K.
650 #0 - SUBJECT ADDED ENTRY--TOPICAL TERM
Topical term or geographic name as entry element Animals
Form subdivision Comic books, strips, etc.
9 (RLIN) 5690068
650 #0 - SUBJECT ADDED ENTRY--TOPICAL TERM
Topical term or geographic name as entry element Friendship
Form subdivision Comic books, strips, etc.
9 (RLIN) 5688309
650 #0 - SUBJECT ADDED ENTRY--TOPICAL TERM
Topical term or geographic name as entry element Rescue work
Form subdivision Comic books, strips, etc.
9 (RLIN) 6538507
650 #0 - SUBJECT ADDED ENTRY--TOPICAL TERM
Topical term or geographic name as entry element Animals
Form subdivision Juvenile fiction.
9 (RLIN) 5678723
650 #0 - SUBJECT ADDED ENTRY--TOPICAL TERM
Topical term or geographic name as entry element Friendship
Form subdivision Juvenile fiction.
9 (RLIN) 5673647
650 #0 - SUBJECT ADDED ENTRY--TOPICAL TERM
Topical term or geographic name as entry element Rescue work
Form subdivision Juvenile fiction.
9 (RLIN) 5719407
650 #1 - SUBJECT ADDED ENTRY--TOPICAL TERM
Topical term or geographic name as entry element Animals
Form subdivision Fiction.
9 (RLIN) 5678722
650 #1 - SUBJECT ADDED ENTRY--TOPICAL TERM
Topical term or geographic name as entry element Friendship
Form subdivision Fiction.
9 (RLIN) 5673769
650 #1 - SUBJECT ADDED ENTRY--TOPICAL TERM
Topical term or geographic name as entry element Rescue work
Form subdivision Fiction.
9 (RLIN) 5712235
651 #0 - SUBJECT ADDED ENTRY--GEOGRAPHIC NAME
Geographic name Arctic regions
Form subdivision Comic books, strips, etc.
9 (RLIN) 6443503
651 #0 - SUBJECT ADDED ENTRY--GEOGRAPHIC NAME
Geographic name Arctic regions
Form subdivision Juvenile fiction.
9 (RLIN) 5708284
651 #1 - SUBJECT ADDED ENTRY--GEOGRAPHIC NAME
Geographic name Arctic regions
Form subdivision Fiction.
9 (RLIN) 5691374
655 #0 - INDEX TERM--GENRE/FORM
Genre/form data or focus term Graphic novels.
655 #7 - INDEX TERM--GENRE/FORM
Genre/form data or focus term Readers (Publications)
Source of term lcgft
9 (RLIN) 5726093
655 #7 - INDEX TERM--GENRE/FORM
Genre/form data or focus term Graphic novels.
Source of term lcgft
655 #7 - INDEX TERM--GENRE/FORM
Genre/form data or focus term Comics (Graphic works)
Source of term lcgft
9 (RLIN) 5689343
655 #7 - INDEX TERM--GENRE/FORM
Genre/form data or focus term Animal comics.
Source of term lcgft
9 (RLIN) 6469374
830 #0 - SERIES ADDED ENTRY--UNIFORM TITLE
Uniform title I can read comics!
9 (RLIN) 6425455
942 ## - ADDED ENTRY ELEMENTS (KOHA)
Source of classification or shelving scheme Dewey Decimal Classification
Koha item type BOOK
Holdings
Withdrawn status Lost status Source of classification or shelving scheme Damaged status Not for loan Collection code Home library Current library Shelving location Date acquired Source of acquisition Total Checkouts Full call number Barcode Date last seen Date checked out Cost, replacement price Price effective from Koha item type Total Renewals
    Dewey Decimal Classification     Children Graphic Novels Wasatch County Library Wasatch County Library Main Floor Childrens Area 02/10/2025 Micromarketing 2 E GN Lehman 34301002145615 12/10/2025 12/01/2025 17.99 02/10/2025 BOOK  
    Dewey Decimal Classification     Children Graphic Novels Wasatch County Library Wasatch County Library Main Floor Childrens Area 09/11/2025 Penworthy 1 E GN Lehman 34301002167361 02/12/2026 12/23/2025 19.96 09/11/2025 BOOK 2
This project was made possible through a grant from the Institute of Museum and Library Service administered by the Utah State Library Division.

Wasatch County Library

  • 465 East 1200 South, Heber City, Utah 84032
  • Phone 435-654-1511 | Fax 435-654-6456

Hours

  • Monday - Friday 9:30 AM - 8:00 PM
  • Saturday 9:30 AM - 1:30 PM
  • Closed Sundays and Holidays